000 01568cam a22002054a 4500
005 20250605164109.0
008 250528s ||||||||||||||||||||||||d
035 _a17834
020 _a9780226430577
040 _aGR-AtMCL
_bgre
_dGR-AtMCL
_eAACR2
245 1 _aA Manual for Writer of Research Papers, Theses, and Dissertations / Chicago Style for Students and Researchers: Ninth Edition
250 _a9th
260 _bThe University Of Chicago Press,
_c2018
300 _a464
520 _aThis book has helped generations shape their ideas into compelling research papers. Preface, Research and Writing, What Research Is and How Researchers Think About It, Defining a Project: Topic - Question - Working Hypothesis, Finding Useful Sources, Engaging Your Sources, Constructing Your Argument, Planning a First Draft, Drafting Your Paper, Presenting Evidence in Tables and Figures, Revising Your Draft, Writing Your Final Introduction and Conclusion, Revising Sentences, Learning From Comments on Your Paper, Presenting Research in Alternative Forums, On the Spirit of Research, Source Citation, General Introduction to Citation Practices, Notes-Bibliography Style: The Basic Form, Notes-Bibliography Style: Citing Specific Types of Sources, Author-Date Style: The Basic Form, Style, Spelling, Punctuation, Names and Special Terms and Titles of Works, Numbers, Abbreviations, Quatations, Tables and Figures, Appendix: Paper Format and Submission, Bibliography, Index.
700 1 _aTurabian Kate L
_94109
942 _cBK
999 _c3234
_d3234